The discovery of the Salomon Islands by Alvaro de Mendaña in 1568. Translated from the original spanish manuscripts. Edited, with Introduction and notes by Lord Amherst of Hackney, and Basil Thomson. Vol. I [vol. II]

সংরক্ষণ করুন:
গ্রন্থ-পঞ্জীর বিবরন
প্রধান লেখক: Mendaña, Álvaro de (autor)
বিন্যাস: গ্রন্থ
ভাষা:ইংরেজি
প্রকাশিত: Londres Hakluyt Society 1901
সংস্করন:1a. ed
মালা:Hakluyt Society, Second series, VII
বিষয়গুলি:
ট্যাগগুলো: ট্যাগ যুক্ত করুন
কোনো ট্যাগ নেই, প্রথমজন হিসাবে ট্যাগ করুন!

MARC

LEADER 00000nam a2200000 a 4500
001 UCJ5633
003 CL-VaPUC
005 20250227100129.0
008 070124e19010000UK |||||||||||||||||eng|d
999 |c 321742  |d 321740 
040 |c Pontificia Universidad Católica de Valparaíso 
082 0 4 |a 910.4  |b MEN  |2 21 
100 1 |a Mendaña, Álvaro de  |e autor  |9 511055 
245 1 4 |a The discovery of the Salomon Islands by Alvaro de Mendaña in 1568. Translated from the original spanish manuscripts. Edited, with Introduction and notes by Lord Amherst of Hackney, and Basil Thomson. Vol. I [vol. II] 
250 |a 1a. ed 
260 |a Londres  |b Hakluyt Society  |c 1901 
300 |a 2 v 
490 0 |a Hakluyt Society, Second series, VII 
500 |a Front. i y ii, aborígenes de las Salomon; mapas e ilustraciones conforme a lo señalado en índices; advierte errata 
583 |a last modification  |c 20070124 00:00:00  |k Rodrigo Vera 
600 0 7 |a GALLEGO, HERNANDO  |2 CL-VaPUC  |9 511056 
600 0 7 |a SARMIENTO, PEDRO  |2 CL-VaPUC  |9 511057 
600 0 7 |a THOMSON, BASIL  |2 CL-VaPUC  |9 511059 
650 0 |a Viajes  |9 257115 
650 0 |a Descubrimientos geográficos  |9 331933 
650 7 |a NAOS  |2 CL-VaPUC  |9 505792 
650 0 |a Antropología   |9 233030 
650 0 |a Cartografía   |9 266055 
650 7 |a DIARIO  |2 CL-VaPUC  |9 441581 
650 0 |a Aborígenes  |9 329972 
650 0 |a Cultura  |9 269059 
650 0 |a Ilustraciones  |9 369481 
650 0 |a Mapas  |9 260844 
651 7 |a ISLAS SALOMON  |2 CL-VaPUC  |9 511060 
651 7 |a OCEANO PACIFICO  |2 CL-VaPUC  |9 262019 
651 7 |a POLINESIA  |2 CL-VaPUC  |9 511061 
942 |c BK  |2 ddc 
945 |d 20070124 00:00:00  |a rinostro 
952 |0 0  |1 0  |4 0  |6 910_400000000000000_MEN_1901  |7 0  |8 X  |9 400568  |a FDOBUD  |b FDOBUD  |d 2019-11-22  |h v.1  |i 1037390  |o 910.4 MEN 1901  |p 1037390  |r 2019-11-22  |w 2019-11-22  |y BK_X  |k BUD 
952 |0 0  |1 0  |4 0  |6 910_400000000000000_MEN_1901  |7 0  |8 X  |9 400569  |a FDOBUD  |b FDOBUD  |d 2019-11-22  |h v.2  |i 1037404  |o 910.4 MEN 1901  |p 1037404  |r 2019-11-22  |w 2019-11-22  |y BK_X  |k BUD